Sześć stopni oddalenia – postacie historyczne #1 - Statystyki

Ogólne statystyki
  • Ten quiz został rozwiązany 17 razy
  • Średni wynik to 13 z 24
Statystyki odpowiedzi
Kolor Powiązanie Postać % Poprawnych
Żółty Podczas drugiej wojny światowej przywódcą ZSRR był… Józef Stalin
100%
Żółty Który wspierał chińskiego lidera… Mao Zedong
100%
Żółty Pokonanemu w wyborach z 1960 r. przez… John F. Kennedy
87%
Zielony Który miał trójkę dzieci z władczynią Egiptu… Kleopatra
87%
Niebieski Przemówienie I have a dream wygłosił… Martin Luther King Jr.
87%
Zielony Pierwszym cesarzem rzymskim był... Oktawian August
73%
Żółty Który w 1972 r. uścisnął dłoń… Richard Nixon
73%
Czerwony Które zostało podbite przez… Aleksander Macedoński
60%
Niebieski Który został nazwany wywrotowym prawnikiem przez brytyjskiego premiera… Winston Churchill
60%
Czerwony Który uczył się w akademii założonej przez… Platon
53%
Czerwony Który był uczniem… Sokrates
53%
Niebieski Który zatelegramował w 1940 r. prośbę o przywrócenie go na tron do… Adolf Hitler
47%
Czerwony Którego nauczycielem był… Arystoteles
47%
Żółty Który został zamordowany przez… Lee Harvey Oswald
47%
Niebieski Który urodził się za panowania brytyjskiej królowej… Wiktoria
47%
Zielony Którą w filmie z 1963 r. zagrała… Elizabeth Taylor
40%
Zielony Który był wnukiem siostry cesarza… Juliusz Cezar
40%
Zielony Na którego pogrzebie mowę wygłosił… Marek Antoniusz
40%
Zielony Która swojego siódmego męża poślubiła na Neverland Ranch należącym do… Michael Jackson
40%
Niebieski Której najstarszy wnuk był władcą Niemiec… Wilhelm II
40%
Czerwony Założycielem pierwszego perskiego imperium był… Cyrus Wielki
33%
Niebieski Który inspirował się bezprzemocową strategią… Mahatma Gandhi
33%
Czerwony Którego na obrazie Szkoła ateńska namalował renesansowy malarz… Rafael
13%
Żółty Którego zastrzelił… Jack Ruby
7%
Nie znaleziono quizów pasujących do podanych kryteriów
Rozkład punktacji
Procent ludzi z każdym wynikiem
Percentyl według liczby udzielonych odpowiedzi
Twoja historia wyników
Nie rozwiązałeś tego quizu